000 00711nam a2200205Ia 4500
003 OSt
005 20210715085027.0
008 210310t2007 eu ad fr 000 0 eng d
040 _aCO-JMCR
_cCO-JMCR
041 0 _aeng
082 0 4 _a332.64 /
_bN882g
_223
100 1 _aNorton, James,
_916146
_eeditor
245 1 4 _aThe guide to treasury & cash management in Latin America /
_cJames Norton
260 _a[Nueva York] :
_bJPMorgan,
_c2007
300 _a20 páginas :
_bilustraciones y gráficas a color ;
_c26 cm.
505 0 _aWorking capital -- Banks -- Europayments -- Cash management -- Risk management
650 1 4 _aCapital de trabajo
_916148
650 2 4 _aGestión de riesgos
_912627
942 _2ddc
_cBK
999 _c8034
_d8034